[Event "Nizhnij Novgorod Dubinin Memorial 19th"]
[Site "Nizhnij Novgorod"]
[Date "2012.01.??"]
[Round "5"]
[White "Rakov, Anatoly"]
[Black "Demidov, Danil"]
[Result "0-1"]
[WhiteElo "2053"]
[BlackElo "2098"]
[PlyCount "30"]
[EventDate "2012.01.??"]
[EventType "swiss"]
[EventRounds "9"]
[EventCountry "RUS"]
[SourceTitle "EXT 2015"]
[Source "ChessBase"]
[SourceDate "2014.11.20"]
[SourceVersion "1"]
[SourceVersionDate "2014.11.20"]
[SourceQuality "1"]

1. b4 d5 2. b5 Nf6 3. Bb2 Bf5 4. e3 e6 5. Nf3 Bd6 6. h3 0-0 7. Nh4 Ne4 8. Nxf5 exf5 9. d3 Ng3 10. fxg3 Bxg3+ 11. Kd2 Qg5 12. Qf3 f4 13. exf4 Bxf4+ 14. Kd1 Nd7 15. Qg4 Rfe8 0-1

[Event "Kstovo op"]
[Site "Kstovo"]
[Date "2011.09.09"]
[Round "7"]
[White "Demidov, Danil"]
[Black "Konyshev, Artem"]
[Result "1-0"]
[WhiteElo "1888"]
[BlackElo "2342"]
[PlyCount "27"]
[EventDate "2011.09.03"]
[EventType "swiss"]
[EventRounds "9"]
[EventCountry "RUS"]
[SourceTitle "EXT 2014"]
[Source "ChessBase"]
[SourceDate "2013.11.20"]
[SourceVersion "1"]
[SourceVersionDate "2013.11.20"]
[SourceQuality "1"]

1. e4 e5 2. Nf3 Nc6 3. Nc3 Nf6 4. Bb5 d6 5. d4 exd4 6. Qxd4 Bd7 7. Bxc6 Bxc6 8. Bg5 Be7 9. 0-0-0 Qd7 10. e5 Bxf3 11. exf6 Qf5 12. Qe3 gxf6 13. gxf3 fxg5 14. Nd5 1-0

[Event "Kstovo op"]
[Site "Kstovo"]
[Date "2011.09.03"]
[Round "1"]
[White "Kruchinin, Anatoly V"]
[Black "Demidov, Danil"]
[Result "0-1"]
[WhiteElo "1703"]
[BlackElo "1888"]
[PlyCount "40"]
[EventDate "2011.09.03"]
[EventType "swiss"]
[EventRounds "9"]
[EventCountry "RUS"]
[SourceTitle "EXT 2014"]
[Source "ChessBase"]
[SourceDate "2013.11.20"]
[SourceVersion "1"]
[SourceVersionDate "2013.11.20"]
[SourceQuality "1"]

1. e4 e6 2. c4 d5 3. Nc3 d4 4. Nb5 a6 5. Na3 Nc6 6. d3 Nf6 7. Be2 Bb4+ 8. Bd2 Bxd2+ 9. Qxd2 0-0 10. Nf3 e5 11. b4 Qe7 12. Nc2 b5 13. c5 a5 14. bxa5 Qxc5 15. 0-0 Rxa5 16. Rfc1 Qd6 17. a3 Be6 18. Nb4 Nxb4 19. axb4 Ra4 20. Rxa4 bxa4 0-1

[Event "Nizhnij Novgorod Hope Cup"]
[Site "Nizhnij Novgorod"]
[Date "2010.08.10"]
[Round "1"]
[White "Demidov, Danil"]
[Black "Simagin, Maxim"]
[Result "0-1"]
[WhiteElo "2104"]
[BlackElo "2038"]
[PlyCount "44"]
[EventDate "2010.08.10"]
[EventType "swiss"]
[EventRounds "7"]
[EventCountry "RUS"]
[SourceTitle "CBM 138 Extra"]
[Source "ChessBase"]
[SourceDate "2010.10.29"]
[SourceVersion "1"]
[SourceVersionDate "2010.10.29"]
[SourceQuality "1"]

1. e4 Nc6 2. d4 d5 3. e5 Bf5 4. Bd3 Nxd4 5. c3 Bxd3 6. cxd4 Ba6 7. Ne2 e6 8. 0-0 c5 9. Be3 cxd4 10. Bxd4 Ne7 11. Nbc3 Nc6 12. Kh1 Be7 13. f4 g6 14. Rf3 h5 15. a3 Qd7 16. f5 gxf5 17. Rxf5 exf5 18. e6 fxe6 19. Bxh8 0-0-0 20. Bd4 e5 21. Bf2 d4 22. Na2 h4 0-1

[Event "Kstovo Kichigin Memorial op"]
[Site "Kstovo"]
[Date "2010.02.??"]
[Round "8"]
[White "Demidov, Danil"]
[Black "Fedotov, Dmitry"]
[Result "0-1"]
[WhiteElo "2097"]
[BlackElo "1890"]
[PlyCount "46"]
[EventDate "2010.02.??"]
[EventType "swiss"]
[EventRounds "9"]
[EventCountry "RUS"]
[SourceTitle "EXT 2014"]
[Source "ChessBase"]
[SourceDate "2013.11.20"]
[SourceVersion "1"]
[SourceVersionDate "2013.11.20"]
[SourceQuality "1"]

1. e4 e5 2. Nf3 Nc6 3. d4 exd4 4. c3 d3 5. Bxd3 d6 6. Bg5 Be7 7. Bxe7 Ngxe7 8. Nbd2 Bg4 9. Qc2 Ng6 10. 0-0-0 Qf6 11. h3 Be6 12. Bc4 0-0-0 13. Bxe6+ fxe6 14. Nb3 Rhf8 15. Nbd4 Nge5 16. Rhf1 Nxf3 17. Nxf3 Qg6 18. Rg1 Rf4 19. Rde1 e5 20. Kb1 Rdf8 21. Ka1 d5 22. Qa4 dxe4 23. Nd2 e3 0-1

[Event "Kstovo Kichigin Memorial op"]
[Site "Kstovo"]
[Date "2010.02.??"]
[Round "3"]
[White "Kulagina, Ekaterina"]
[Black "Demidov, Danil"]
[Result "1/2-1/2"]
[WhiteElo "1736"]
[BlackElo "2097"]
[PlyCount "51"]
[EventDate "2010.02.??"]
[EventType "swiss"]
[EventRounds "9"]
[EventCountry "RUS"]
[SourceTitle "EXT 2014"]
[Source "ChessBase"]
[SourceDate "2013.11.20"]
[SourceVersion "1"]
[SourceVersionDate "2013.11.20"]
[SourceQuality "1"]

1. e4 e6 2. d4 d5 3. Nc3 Nf6 4. Bd3 c5 5. Nf3 Nc6 6. e5 cxd4 7. exf6 dxc3 8. fxg7 Bxg7 9. b3 Bd7 10. 0-0 Qb6 11. Re1 h6 12. Bf4 0-0-0 13. Ne5 Nxe5 14. Bxe5 Bxe5 15. Rxe5 Rdg8 16. Bf1 Rg6 17. Qf3 Qd4 18. Re3 Qg7 19. Rxc3+ Kb8 20. Re1 d4 21. Qf4+ Ka8 22. Rc4 Bb5 23. Rxd4 Bxf1 24. Kxf1 Rxg2 25. Qd6 Rc8 26. c4 1/2-1/2

[Event "Nizhnij Novgorod op"]
[Site "Nizhnij Novgorod"]
[Date "2010.??.??"]
[Round "?"]
[White "Demidov, Danil"]
[Black "Frolov, Nikolai"]
[Result "0-1"]
[WhiteElo "2104"]
[BlackElo "2059"]
[PlyCount "90"]
[EventDate "2010.10.02"]
[EventType "swiss"]
[EventRounds "9"]
[EventCountry "RUS"]
[SourceTitle "EXT 2011"]
[Source "ChessBase"]
[SourceDate "2010.11.26"]
[SourceVersion "1"]
[SourceVersionDate "2010.11.26"]
[SourceQuality "1"]

1. e4 d6 2. d4 Nf6 3. Nc3 g6 4. Be3 Bg7 5. Qd2 c6 6. Bh6 0-0 7. Nf3 Bg4 8. h3 Bxf3 9. gxf3 Nbd7 10. h4 Bxh6 11. Qxh6 Nh5 12. Rg1 Kh8 13. Bh3 e5 14. 0-0-0 exd4 15. Rxd4 Ne5 16. Rg5 f6 17. Rxh5 gxh5 18. Bf5 Rf7 19. f4 c5 20. Rd1 Nc6 21. Bg6 Rg7 22. f5 Ne5 23. Nd5 Nxg6 24. Rg1 Qf8 25. fxg6 f5 26. Nf4 Qf6 27. Nxh5 Rxg6 28. Nxf6 Rxh6 29. Nd5 fxe4 30. Rg4 Re8 31. Kd2 Re5 32. c4 b5 33. b3 bxc4 34. bxc4 Rg6 35. Rf4 Kg7 36. Ke3 Rg1 37. Nc3 Re1+ 38. Kd2 Ra1 39. Nxe4 Rxa2+ 40. Kd3 Ra3+ 41. Kc2 Re6 42. Nc3 Rf6 43. Rg4+ Kf7 44. f4 h5 45. Rg5 Rxf4 0-1

[Event "Nizhnij Novgorod op"]
[Site "Nizhnij Novgorod"]
[Date "2010.??.??"]
[Round "?"]
[White "Demidov, Danil"]
[Black "Marsak, Viktor D"]
[Result "0-1"]
[WhiteElo "2104"]
[BlackElo "2018"]
[PlyCount "74"]
[EventDate "2010.10.02"]
[EventType "swiss"]
[EventRounds "9"]
[EventCountry "RUS"]
[SourceTitle "EXT 2011"]
[Source "ChessBase"]
[SourceDate "2010.11.26"]
[SourceVersion "1"]
[SourceVersionDate "2010.11.26"]
[SourceQuality "1"]

1. e4 c5 2. c3 g6 3. d4 Qc7 4. Nf3 Bg7 5. Be3 d6 6. Nbd2 Nf6 7. Bc4 0-0 8. 0-0 Nbd7 9. Qc2 b6 10. Bf4 Bb7 11. e5 dxe5 12. Nxe5 Nh5 13. Nxg6 Nxf4 14. Nxf8 Rxf8 15. f3 cxd4 16. cxd4 Bxd4+ 17. Kh1 Bd5 18. Qf5 Bxc4 19. Nxc4 Ng6 20. Rfd1 Qxc4 21. Qxd7 Bxb2 22. Rab1 Qc2 23. Qxa7 Nf4 24. Rg1 Bd4 25. Rbc1 Qg6 26. Qxe7 Bxg1 27. Rxg1 Ra8 28. a3 Rc8 29. Qd7 Qe6 30. Qb5 Rc5 31. Qa4 Nd3 32. Rf1 Qe2 33. Rb1 Rg5 34. Qa8+ Kg7 35. g4 Ne1 36. Rxe1 Qxe1+ 37. Kg2 Re5 0-1

[Event "Nizhnij Novgorod Dubinin Memorial 17th"]
[Site "Nizhnij Novgorod"]
[Date "2010.??.??"]
[Round "?"]
[White "Karmanova, Marina"]
[Black "Demidov, Danil"]
[Result "0-1"]
[WhiteElo "1839"]
[BlackElo "2104"]
[PlyCount "130"]
[EventDate "2010.01.03"]
[EventType "swiss"]
[EventRounds "9"]
[EventCountry "RUS"]
[SourceTitle "CBM 134 Extra"]
[Source "ChessBase"]
[SourceDate "2010.03.03"]
[SourceVersion "1"]
[SourceVersionDate "2010.03.03"]
[SourceQuality "1"]

1. e4 e6 2. d4 d5 3. Nc3 Nf6 4. Bg5 Bb4 5. e5 h6 6. Bd2 Nfd7 7. a3 Be7 8. Qg4 Kf8 9. 0-0-0 c5 10. Be3 Nc6 11. f4 cxd4 12. Bxd4 Qa5 13. Nce2 b5 14. h4 b4 15. a4 Qxa4 16. b3 Qa5 17. Bb2 Qb6 18. Nf3 a5 19. Ned4 Nxd4 20. Nxd4 a4 21. bxa4 Rxa4 22. Rh3 Ra8 23. Rg3 Rg8 24. Bd3 Qd8 25. Rh1 Qb6 26. Bh7 h5 27. Qd1 Rh8 28. Bd3 Bc5 29. Be2 Ba6 30. Rhh3 Bxe2 31. Nxe2 Qa7 32. Rb3 Nb6 33. Rhd3 Nc4 34. Nd4 Qa6 35. c3 Bxd4 36. cxd4 Nxb2 37. Rxb2 Qa1+ 38. Rb1 Qa2 39. Qb3 Re8 40. Kd1 Qxg2 41. Qxb4+ Kg8 42. Rc3 Kh7 43. Rc5 Qf1+ 44. Kc2 Qf2+ 45. Kd3 Qf3+ 46. Kc2 Qe4+ 47. Kd2 Qxf4+ 48. Kd1 Qf1+ 49. Kd2 Qf2+ 50. Kd1 Qf3+ 51. Kd2 Qf2+ 52. Kd3 Rb8 53. Qxb8 Rxb8 54. Rxb8 Qxh4 55. Rb4 Qg3+ 56. Kc2 h4 57. Rb1 h3 58. Kb2 g6 59. Rcc1 h2 60. Rh1 g5 61. Rbf1 Kg7 62. Kc1 g4 63. Kd2 Qg2+ 64. Ke3 g3 65. Kf4 Qxf1+ 0-1

[Event "Nizhnij Novgorod Dubinin Memorial 17th"]
[Site "Nizhnij Novgorod"]
[Date "2010.??.??"]
[Round "?"]
[White "Kriukov, Andrey"]
[Black "Demidov, Danil"]
[Result "0-1"]
[WhiteElo "1851"]
[BlackElo "2104"]
[PlyCount "62"]
[EventDate "2010.01.03"]
[EventType "swiss"]
[EventRounds "9"]
[EventCountry "RUS"]
[SourceTitle "CBM 134 Extra"]
[Source "ChessBase"]
[SourceDate "2010.03.03"]
[SourceVersion "1"]
[SourceVersionDate "2010.03.03"]
[SourceQuality "1"]

1. d4 d5 2. Nf3 Nf6 3. e3 Bf5 4. c4 e6 5. Nc3 Bd6 6. c5 Be7 7. Qa4+ c6 8. b4 0-0 9. b5 b6 10. cxb6 Qxb6 11. Ne5 c5 12. dxc5 Bxc5 13. Qb3 Nbd7 14. Nxd7 Nxd7 15. Bd2 d4 16. Na4 Qd8 17. Rd1 dxe3 18. fxe3 Qh4+ 19. g3 Qe4 20. Rg1 Bg4 21. Bg2 Bxd1 22. Qxd1 Qe5 23. Bxa8 Rxa8 24. Qf3 Rd8 25. Rf1 Nf6 26. Ke2 Bb4 27. Bxb4 Qxb5+ 28. Kf2 Qxb4 29. Qf4 Rd2+ 30. Kg1 Qxf4 31. gxf4 Rxa2 0-1

[Event "Nizhnij Novgorod op"]
[Site "Nizhnij Novgorod"]
[Date "2010.??.??"]
[Round "?"]
[White "Rakov, Alexey Y"]
[Black "Demidov, Danil"]
[Result "1-0"]
[WhiteElo "2042"]
[BlackElo "2104"]
[PlyCount "63"]
[EventDate "2010.10.02"]
[EventType "swiss"]
[EventRounds "9"]
[EventCountry "RUS"]
[SourceTitle "EXT 2011"]
[Source "ChessBase"]
[SourceDate "2010.11.26"]
[SourceVersion "1"]
[SourceVersionDate "2010.11.26"]
[SourceQuality "1"]

1. e4 e6 2. d4 d5 3. exd5 exd5 4. Bd3 Nc6 5. Ne2 Bd6 6. Nbc3 Nf6 7. Bg5 Be6 8. Qd2 0-0 9. f3 Nb4 10. 0-0-0 b6 11. g4 c5 12. Ng3 cxd4 13. Nb5 Nxa2+ 14. Kb1 Bb4 15. Qf2 Nc3+ 16. bxc3 Bxc3 17. Ka2 a6 18. Na3 b5 19. Nh5 Qa5 20. Nxf6+ gxf6 21. Qh4 f5 22. gxf5 b4 23. Bc1 Rfb8 24. Qh6 f6 25. Qxf6 Bf7 26. Rhg1+ Kf8 27. Qd6+ Ke8 28. Rde1+ Bxe1 29. Rxe1+ Be6 30. Rxe6+ Kf7 31. Re7+ Kg8 32. Qe6+ 1-0

[Event "Novosibirsk-ch op"]
[Site "Novosibirsk"]
[Date "2009.02.26"]
[Round "8"]
[White "Demidov, Danil"]
[Black "Vorobjov, Stanislav"]
[Result "1/2-1/2"]
[WhiteElo "2013"]
[BlackElo "2123"]
[PlyCount "94"]
[EventDate "2009.02.18"]
[EventType "swiss"]
[EventRounds "9"]
[EventCountry "RUS"]
[SourceTitle "CBM 129 Extra"]
[Source "ChessBase"]
[SourceDate "2009.05.05"]
[SourceVersion "2"]
[SourceVersionDate "2009.05.20"]
[SourceQuality "1"]

1. d4 d5 2. c4 e6 3. Nc3 Nf6 4. Bg5 Be7 5. Nf3 0-0 6. Qc2 c6 7. e3 Nbd7 8. Bd3 dxc4 9. Bxc4 c5 10. Rd1 cxd4 11. Nxd4 Qa5 12. Bh4 Ne5 13. Be2 Ng6 14. Nb3 Qb4 15. Rd4 Qb6 16. Na4 Qc6 17. Qxc6 bxc6 18. Bg3 e5 19. Rc4 Be6 20. Rc1 Ne4 21. Bd3 Nxg3 22. hxg3 Rab8 23. Bc4 Rb4 24. Bxe6 Rxa4 25. Bc4 Rxa2 26. Rc2 Ba3 27. Kd2 Rxb2 28. Rxb2 Bxb2 29. Kc2 Ba3 30. Ra1 Bb4 31. Rxa7 Be1 32. f3 Bxg3 33. Nc5 Bh4 34. Kd3 Rd8+ 35. Ke4 Be7 36. Nd7 Bd6 37. g4 Nh8 38. Nxe5 Re8 39. f4 g6 40. Rxf7 Rxe5+ 41. fxe5 Nxf7 42. exd6 Kf8 43. Bxf7 Kxf7 44. Kd4 h5 45. gxh5 gxh5 46. Kc5 Ke8 47. Kxc6 Kd8 1/2-1/2

[Event "Novosibirsk-ch op"]
[Site "Novosibirsk"]
[Date "2009.02.25"]
[Round "7"]
[White "Kazakov, Peter"]
[Black "Demidov, Danil"]
[Result "0-1"]
[WhiteElo "2332"]
[BlackElo "2013"]
[PlyCount "42"]
[EventDate "2009.02.18"]
[EventType "swiss"]
[EventRounds "9"]
[EventCountry "RUS"]
[SourceTitle "CBM 129 Extra"]
[Source "ChessBase"]
[SourceDate "2009.05.05"]
[SourceVersion "2"]
[SourceVersionDate "2009.05.20"]
[SourceQuality "1"]

1. e4 c5 2. Nf3 Nc6 3. Bb5 a6 4. Bxc6 bxc6 5. d3 d6 6. h3 g6 7. Bd2 Bg7 8. Bc3 e5 9. a3 a5 10. a4 Be6 11. b3 f5 12. Nbd2 h6 13. 0-0 Nf6 14. Nh4 Nxe4 15. Nxe4 fxe4 16. Nxg6 Rg8 17. f4 exf3 18. Qxf3 Kd7 19. Bd2 e4 20. Qxe4 Bxa1 21. Rxa1 Qf6 0-1

[Event "Novosibirsk-ch op"]
[Site "Novosibirsk"]
[Date "2009.02.19"]
[Round "2"]
[White "Demidov, Danil"]
[Black "Timofeeva, Ekaterina"]
[Result "0-1"]
[WhiteElo "2013"]
[BlackElo "2304"]
[PlyCount "84"]
[EventDate "2009.02.18"]
[EventType "swiss"]
[EventRounds "9"]
[EventCountry "RUS"]
[SourceTitle "CBM 129 Extra"]
[Source "ChessBase"]
[SourceDate "2009.05.05"]
[SourceVersion "2"]
[SourceVersionDate "2009.05.20"]
[SourceQuality "1"]

1. e4 d6 2. Nc3 c5 3. Nf3 e5 4. Bc4 g6 5. d3 h6 6. Be3 Bg7 7. h3 Nc6 8. 0-0 Nge7 9. Qd2 Bd7 10. a3 a6 11. Nh2 g5 12. Qd1 Nd4 13. Rc1 Ng6 14. Qh5 Be6 15. Bxe6 Nxe6 16. g3 0-0 17. Nd5 Kh7 18. Ng4 f5 19. exf5 Rxf5 20. Nh2 Qf8 21. Qd1 Rc8 22. c4 Nd4 23. Nc3 Rc7 24. Ne4 Nf3+ 25. Nxf3 Rxf3 26. Bxg5 Rcf7 27. Kg2 b5 28. b3 Qa8 29. Be3 Bf8 30. Kh2 R3f5 31. f3 Rg7 32. g4 Rff7 33. Qd2 Rg8 34. f4 exf4 35. Bxf4 d5 36. cxd5 Qxd5 37. Bg3 Be7 38. Rxf7+ Qxf7 39. Qf2 Qxb3 40. Rc3 Qd1 41. Nf6+ Bxf6 42. Qxf6 Rf8 0-1

[Event "Nizhnij Novgorod Dubinin Memorial 16th"]
[Site "Nizhnij Novgorod"]
[Date "2009.01.10"]
[Round "8"]
[White "Demidov, Danil"]
[Black "Patkina, Ekaterina"]
[Result "1-0"]
[WhiteElo "2013"]
[BlackElo "1943"]
[PlyCount "39"]
[EventDate "2009.01.03"]
[EventType "swiss"]
[EventRounds "9"]
[EventCountry "RUS"]
[SourceTitle "EXT 2010"]
[Source "ChessBase"]
[SourceDate "2010.11.25"]
[SourceVersion "1"]
[SourceVersionDate "2010.11.25"]
[SourceQuality "1"]

1. e4 c6 2. d4 d5 3. exd5 cxd5 4. c4 Nf6 5. Nc3 g6 6. Nf3 Bg7 7. Be2 0-0 8. 0-0 Nc6 9. cxd5 Nxd5 10. Nxd5 Qxd5 11. Be3 Rd8 12. Qc1 Nxd4 13. Bxd4 Bxd4 14. Rd1 Qe4 15. Nxd4 Rxd4 16. Bf3 Qe5 17. Qc3 Rxd1+ 18. Rxd1 Qxc3 19. Rd8+ Kg7 20. bxc3 1-0